00405 2200157 4500245007000000020002200070250001200092100001700104650001700121005001900138260003000157041001400187084000800201300002900209336000900238 aRadikus Makankakus b : Bukan Binatang BiasacRaditya DikahText a978-979-780-897-6 aCet. 38 aRaditya Dika aNovel Komedi a20230118080604 aJakartabGagasMediac2007 aIndonesia a813 aviii, 220 hlm. :c20 cm. atext